Computer Networks (Record no. 964781)

MARC details
000 -LEADER
fixed length control field 00258nam a2200109Ia 4500
008 - FIXED-LENGTH DATA ELEMENTS--GENERAL INFORMATION
fixed length control field 231212s2000 xx 000 0 und d
041 ## - LANGUAGE CODE
Language code of text/sound track or separate title eng
082 ## - DEWEY DECIMAL CLASSIFICATION NUMBER
Classification number 622.395
100 ## - MAIN ENTRY--PERSONAL NAME
Personal name Andrew S. T.
245 ## - TITLE STATEMENT
Title Computer Networks
260 ## - PUBLICATION, DISTRIBUTION, ETC.
Place of publication, distribution, etc. New Delhi
Name of publisher, distributor, etc. Prentic
Date of publication, distribution, etc. 2000
Holdings
Withdrawn status Lost status Damaged status Not for loan Home library Current library Date acquired Cost, normal purchase price Total Checkouts Full call number Barcode Date last seen Price effective from Koha item type
        Institute of Technology (Poly) , Navi Mumbai Institute of Technology (Poly) , Navi Mumbai 13/12/2023 175.00   622.395 ITM-P-7633 13/12/2023 13/12/2023 Book